| 000 | 00923pam a2200289 a 4500 | ||
|---|---|---|---|
| 999 |
_c10317 _d10317 |
||
| 001 | 1070405 | ||
| 003 | OSt | ||
| 005 | 20210222151252.0 | ||
| 008 | 910524s1991 ilu 000 0 eng | ||
| 010 | _a 91022635 | ||
| 020 | _a0842359370 | ||
| 040 |
_aDLC _cDLC _dDLC |
||
| 050 | 0 | 0 |
_aBT202 _bSP771F |
| 082 | 0 | 0 |
_a248.4 _220 _bSP771F |
| 100 | 1 |
_aSproul, R. C. _q(Robert Charles), _d1939- |
|
| 245 | 1 | 0 |
_aFollowing Christ / _cR.C. Sproul. |
| 260 |
_aWheaton, Ill. : _bTyndale House Publishers, _cc1991. |
||
| 300 |
_axi, 392 p. ; _c21 cm. |
||
| 600 | 0 | 0 |
_aJesus Christ _xPerson and offices. |
| 650 | 0 | _aPrayer. | |
| 650 | 0 |
_aGod (Christianity) _xWill. |
|
| 650 | 0 | _aChristian ethics. | |
| 650 | 0 | _aSocial ethics. | |
| 906 |
_a7 _bcbc _corignew _d1 _eocip _f19 _gy-gencatlg |
||
| 942 |
_2ddc _cBK |
||